Catalogue of the various works of art forming the collection of the late Matthew Uzielli ... (Record no. 114211)

MARC details
000 -LEADER
fixed length control field 00870cam a22002055a 4500
001 - CONTROL NUMBER
control field L156363
008 - FIXED-LENGTH DATA ELEMENTS--GENERAL INFORMATION
fixed length control field 120515s1861 xxk f 000 0 eng d
035 ## - SYSTEM CONTROL NUMBER
System control number (Sirsi) u156363
041 0# - LANGUAGE CODE
Language code of text/sound track or separate title eng
110 2# - MAIN ENTRY--CORPORATE NAME
Corporate name or jurisdiction name as entry element Christie, Manson and Woods Ltd
9 (RLIN) 4983
245 00 - TITLE STATEMENT
Title Catalogue of the various works of art forming the collection of the late Matthew Uzielli ...
Remainder of title which will be sold by auction, by Messrs. Christie, Manson & Woods, at their great rooms, King Street, St. James's, on Friday, the 12th of April, and seven following days
260 ## - PUBLICATION, DISTRIBUTION, ETC.
Place of publication, distribution, etc. London
Name of publisher, distributor, etc. J. Clayton
Date of publication, distribution, etc. 1861
300 ## - PHYSICAL DESCRIPTION
Extent vii, 293 p., [1] leaf of plates
Other physical details ill.
Dimensions 26 cm.
520 ## - SUMMARY, ETC.
Summary, etc. Cover title: Catalogue of the Uzielli collection.
583 ## - ACTION NOTE
Action Condition reviewed
Time/date of action 20120620
Status condition level 1
651 #4 - SUBJECT ADDED ENTRY--GEOGRAPHIC NAME
Geographic name Great Britain
Chronological subdivision 1707-
690 ## - LOCAL SUBJECT ADDED ENTRY--TOPICAL TERM (OCLC, RLIN)
Topical term or geographic name as entry element Art and antiques
700 1# - ADDED ENTRY--PERSONAL NAME
Personal name Uzielli, Matthew
942 ## - ADDED ENTRY ELEMENTS (KOHA)
Suppress in OPAC 0
Holdings
Withdrawn status Lost status Source of classification or shelving scheme Damaged status Not for loan Home library Current library Shelving location Date acquired Total Checkouts Full call number Barcode Date last seen Copy number Price effective from Koha item type
    Dewey Decimal Classification     Historic collection Historic collection Historic collection 15/05/2012   OCTAVO 1861 CHRISTIE 30077868 06/08/2019 1 06/08/2019 Book